00783cam a22002054a 4500020003100000040000800031082002600039100002500065245010000090260007600190300003300266490002800299650002600327650001200353650001600365700001900381942001000400999001700410952015000427 a9780896291706 (alk. paper) cDLC00a338 COR 2009 C074 Or.1 aCororaton, Caesar B.10aPhilippine agricultural and food policies :bimplications for poverty and income distribution / aWashington, DC :bInternational Food Policy Research Institute,cc2009. axiv, 84 p. :bill. ;c26 cm.1 aIFPRI research report ; 0aAgriculture and state 0aPoverty 0aAgriculture1 aCorong, Erwin. cAEDBB c22558d22558 0010406338_000000000000000_COR_2009_C074_OR70997021aLBCbLBCcC074d2024-01-15o338 COR 2009 C074 Or.pa36659r2024-01-15w2024-01-15yAEDBB